Evaluación de la calidad constructiva de las capas de pavimento flexible mediante el control de la rigidez de obra
Guardado en:
| Autor principal: | |
|---|---|
| Formato: | Libro |
| Lenguaje: | Spanish |
| Publicado: |
[San José], Costa Rica
2016
|
| Materias: | |
| Etiquetas: |
Agregar Etiqueta
Sin Etiquetas, Sea el primero en etiquetar este registro!
|
MARC
| LEADER | 00000nam a22000007a 4500 | ||
|---|---|---|---|
| 003 | 012454 | ||
| 005 | 20221231144117.0 | ||
| 008 | 2016 bcr xxua|||| |||| 00| ||spa d | ||
| 040 | |c cru CEDI | ||
| 090 | |a TFG 7611 | ||
| 100 | |a Amén Muñoz, Sebastían |9 5299 | ||
| 245 | |a Evaluación de la calidad constructiva de las capas de pavimento flexible mediante el control de la rigidez de obra | ||
| 260 | |a [San José], Costa Rica |c 2016 | ||
| 300 | |a xiv, 163 hojas; ilustraciones a color | ||
| 500 | |a Proyecto de graduación (licenciatura en ingeniería civil)--Universidad de Costa Rica. Facultad de Ingeniería. Escuela de Ingeniería Civil | ||
| 650 | |x PAVIMENTOS |x PAVIMENTOS FLEXIBLES |x PAVIMENTOS FLEXIBLES - DISEÑO Y CONSTRUCCION - COSTA RICA |x CALIDAD TOTAL |x MATERIALES PARA CARRETERAS |x CONSTRUCCION DE CARRETERAS |9 5300 | ||
| 942 | |c TFG | ||
| 999 | |c 17034 |d 17034 | ||
